| 000 | 01259nam0a22002291 4500 | ||
|---|---|---|---|
| 001 | rc\169766 | ||
| 005 | 20260406193033.0 | ||
| 035 | _a(NLR Aleph) 005432671 | ||
| 090 |
_a7594003 _c7594003 |
||
| 100 | _a20030307d1996 |||y0rusy50 ca | ||
| 101 | 0 | _arus | |
| 102 | _aRU | ||
| 105 | _ay ||||||||| | ||
| 200 | 1 |
_aЮбилейная научно-техническая конференция профессорско-преподавательского состава, научных сотрудников и курсантов, [15-19 апр. 1997 г.] _eК 300-летию Рос. Флота и 120-летию Акад. _eТез. докл. _fГос. мор. акад. им. адм. С.О. Макарова |
|
| 210 |
_aСПб. _cБ. и. _d1996 |
||
| 215 |
_a147 с. _d20 |
||
| 710 | 0 | 2 |
_aГосударственная морская академия им. С. О. Макарова _cСанкт-Петербург _bНаучно-техническая конференция профессорско-преподавательского состава, научных сотрудников и курсантов _f1997 _3RU\NLR\AUTH\889955682 _9407479 |
| 801 | 0 |
_aRU _bNLR _gpsbo |
|
| 801 | 1 |
_aRU _bELAR _2rusmarc |
|
| 852 |
_aNLR _j97-3/6710 |
||
| 942 | _cBOOK | ||
| 980 | _aNB | ||